|
|
|
|
| LEADER |
00934cam a2200265 7i4500 |
| 001 |
0000069667 |
| 005 |
20220708090000.0 |
| 020 |
|
|
|a 9789811597626 (electronic book)
|
| 020 |
|
|
|a 9789811597619
|
| 090 |
0 |
0 |
|a RD598.5
|b .V37 2021
|
| 245 |
0 |
0 |
|a Vascular malformations
|c Ajay K. Khanna, Satyendra K. Tiwary, editors.
|
| 264 |
|
|
|a Singapore:
|b Springer,
|c 2021.
|
| 300 |
|
|
|a 1 online resource (303 pages):
|b text file, PDF.
|
| 336 |
|
|
|a text
|2 rdacontent
|
| 337 |
|
|
|a computer
|2 rdamedia
|
| 338 |
|
|
|a online resource
|2 rdacarrier
|
| 650 |
|
0 |
|a Blood-vessels --
|x Surgery
|
| 650 |
|
0 |
|a Blood-vessels --
|x Abnormalities
|
| 655 |
|
0 |
|a Electronic books
|
| 700 |
1 |
|
|a Khanna, A. K.
|
| 700 |
1 |
|
|a Tiwary, Satyendra K.
|
| 856 |
4 |
2 |
|u http://library.unisel.edu.my/web/guest/mylibrary
|
| 997 |
|
|
|a Health Sciences, Faculty
|
| 999 |
|
|
|a EBO0013313
|b EBOOK
|c EBOOK
|e Electronic resources
|
| 999 |
|
|
|a EBO0013610
|b EBOOK
|c EBOOK
|e Electronic resources
|